[Event "Torneo del Graticolato"]
[Site "Santa Maria di Sala ITA"]
[Date "1995.??.??"]
[Round "2"]
[White "Kusterle, Francesco"]
[Black "Pagin, Giacomo"]
[Result "0-1"]
[WhiteElo "1611"]
[BlackElo "1720"]
[PlyCount "112"]
[EventDate "1995.??.??"]

1. e4 e5 2. Nf3 Nc6 3. Bb5 a6 4. Ba4 Nf6 5. O-O Be7 6. Re1 b5 7. Bb3 d6 8. c3
O-O 9. d4 Bg4 10. Nbd2 exd4 11. h3 Bxf3 12. Nxf3 dxc3 13. bxc3 Ne5 14. Nd4 Qd7
15. f4 Ng6 16. e5 dxe5 17. fxe5 Nd5 18. Qf3 Rad8 19. Bb2 c5 20. Nf5 c4 21. Bc2
Bc5+ 22. Kh1 Ndf4 23. Rad1 Qc7 24. Bc1 Ne6 25. Qh5 Rxd1 26. Bxd1 Ngf4 27. Bxf4
Nxf4 28. Qg4 Ne6 29. Bc2 g6 30. h4 Rd8 31. Rf1 Bf8 32. h5 Qxe5 33. hxg6 hxg6
34. Qh4 Qh8 35. Qxh8+ Kxh8 36. Ne3 Bc5 37. Ng4 Kg7 38. g3 Rd2 39. Bb1 Ng5 40.
Nf6 Nh3 41. Ne4 Nf2+ 42. Rxf2 Rd1+ 43. Kg2 Bxf2 44. Bc2 Rc1 45. Nxf2 Rxc2 46.
Kf3 Rxf2+ 47. Kxf2 Kf6 48. Ke3 Ke5 49. Kf3 f5 50. Ke3 g5 51. Kf3 f4 52. g4 a5
53. a3 Kd5 54. Ke2 Ke4 55. Kf2 Kd3 56. Kf3 Kxc3 0-1

[Event "Torneo del Graticolato"]
[Site "Santa Maria di Sala ITA"]
[Date "1995.??.??"]
[Round "3"]
[White "Masi, Marco"]
[Black "Alburno, Franco"]
[Result "1/2-1/2"]
[WhiteElo "1600"]
[BlackElo "1600"]
[PlyCount "119"]
[EventDate "1995.??.??"]

1. d4 d5 2. c4 c6 3. e3 dxc4 4. Bxc4 b5 5. Bb3 Nf6 6. Nf3 e6 7. Bd2 Nbd7 8. a3
Bb7 9. Nc3 a5 10. Rc1 Rc8 11. Bc2 Bd6 12. e4 e5 13. O-O Qc7 14. Bd3 Qb8 15. Ne2
exd4 16. Nexd4 Ba8 17. Nf5 O-O 18. Bxa5 Ne5 19. Nxd6 Qxd6 20. Nxe5 Qxe5 21. Bc3
Qg5 22. Qc2 c5 23. Bd2 Qg6 24. f3 c4 25. Be2 Nxe4 26. Bb4 Rfe8 27. g3 Qb6+ 28.
Kg2 Rcd8 29. Rcd1 Nf6 30. Rxd8 Rxd8 31. Qf5 Nd5 32. Qg5 Ne3+ 33. Kf2 Nxf1+ 34.
Kxf1 Re8 35. Bc3 f6 36. Qf5 Qe6 37. Qxe6+ Rxe6 38. Kf2 Bc6 39. f4 Kf7 40. Bg4
Re7 41. Bb4 Re8 42. Bf5 g6 43. Bg4 f5 44. Be2 Ke6 45. h3 Bd5 46. Bf1 Kf7 47.
Bc3 Be4 48. Be5 Ra8 49. Ke3 Ke6 50. Be2 Kd5 51. Kd2 Bg2 52. Kc3 Bxh3 53. Bf3+
Ke6 54. Bxa8 g5 55. Kb4 Bf1 56. Kxb5 c3+ 57. Kc5 cxb2 58. Bd5+ Ke7 59. Ba2 gxf4
60. gxf4 1/2-1/2

[Event "Torneo del Graticolato"]
[Site "Santa Maria di Sala ITA"]
[Date "1995.??.??"]
[Round "3"]
[White "Zotti, Enrico"]
[Black "Pagin, Giacomo"]
[Result "0-1"]
[WhiteElo "1651"]
[BlackElo "1720"]
[PlyCount "96"]
[EventDate "1995.??.??"]

1. e4 e5 2. Nf3 Nc6 3. Bb5 a6 4. Ba4 Nf6 5. O-O Be7 6. Re1 b5 7. Bb3 d6 8. c3
O-O 9. h3 Bb7 10. d3 Re8 11. Nbd2 Bf8 12. Ng5 Re7 13. Nf1 h6 14. Nf3 Nb8 15.
Ng3 g6 16. Nh4 Kh7 17. Qf3 Nbd7 18. Be3 c5 19. Bc2 d5 20. exd5 Nxd5 21. Ne4
Nxe3 22. Rxe3 f5 23. Nxf5 Rf7 24. Nfd6 Rxf3 25. Nxb7 Rxe3 26. Nxd8 Rxe4 27.
dxe4 Rxd8 28. Rd1 Be7 29. Kf1 Nb6 30. Rxd8 Bxd8 31. b3 c4 32. Ke2 Kg7 33. g3
Nd7 34. f4 Kf6 35. Ke3 Bb6+ 36. Kf3 Nc5 37. Ke2 Nd3 38. Bxd3 cxd3+ 39. Kxd3 Bf2
40. fxe5+ Kxe5 41. g4 Ba7 42. a3 Bc5 43. a4 bxa4 44. bxa4 Bb6 45. h4 h5 46.
gxh5 gxh5 47. c4 Bc5 48. a5 Bb4 0-1

[Event "Torneo del Graticolato"]
[Site "Santa Maria di Sala ITA"]
[Date "1995.??.??"]
[Round "4"]
[White "Maso, Ugo"]
[Black "Alburno, Franco"]
[Result "0-1"]
[WhiteElo "1600"]
[BlackElo "1600"]
[PlyCount "50"]
[EventDate "1995.??.??"]

1. e4 e6 2. b3 d5 3. exd5 exd5 4. Bb2 Nf6 5. Nf3 Be7 6. Be2 O-O 7. O-O Re8 8.
d3 Bg4 9. Nbd2 Bd6 10. h3 Bh5 11. Re1 c5 12. c4 d4 13. Nxd4 cxd4 14. Bxh5 Rxe1+
15. Qxe1 Nxh5 16. Bxd4 Nc6 17. Bc3 Qe8 18. Qd1 Nf4 19. Ne4 Rd8 20. Qg4 Be5 21.
Re1 Qe6 22. Qh4 Bxc3 23. Qxd8+ Nxd8 24. Nf6+ Bxf6 25. Rxe6 Ndxe6 0-1

[Event "Torneo del Graticolato"]
[Site "Santa Maria di Sala ITA"]
[Date "1995.??.??"]
[Round "4"]
[White "Pagin, Giacomo"]
[Black "Giglio, Saverio"]
[Result "1-0"]
[WhiteElo "1720"]
[BlackElo "1684"]
[PlyCount "101"]
[EventDate "1995.??.??"]

1. d4 d5 2. c4 e6 3. Nc3 Nf6 4. Bg5 Nbd7 5. e3 c6 6. Nf3 Qa5 7. Bxf6 Nxf6 8.
Qc2 Bb4 9. Nd2 O-O 10. Bd3 dxc4 11. Nxc4 Bxc3+ 12. bxc3 Qc7 13. e4 h6 14. O-O
b5 15. Ne3 a6 16. Qe2 c5 17. e5 Nd5 18. Rac1 Nf4 19. Qd2 Bb7 20. Bb1 Qc6 21. f3
Rad8 22. h4 cxd4 23. Ng4 Ng6 24. h5 dxc3 25. Qc2 Rd2 26. Qxd2 cxd2 27. Rxc6
Bxc6 28. hxg6 Rd8 29. gxf7+ Kxf7 30. Ne3 b4 31. Bc2 Bb5 32. Rd1 Be2 33. Rb1 a5
34. Kf2 Ba6 35. Rd1 Bb5 36. Nf1 Rd5 37. f4 Rd4 38. g3 Bxf1 39. Rxf1 Rc4 40. Bb3
Re4 41. Rd1 g5 42. Kf3 Re1 43. Rxd2 gxf4 44. gxf4 Rf1+ 45. Ke3 Re1+ 46. Kf2 Re4
47. Kf3 Re1 48. Rd7+ Ke8 49. Rh7 Rh1 50. Bxe6 a4 51. Bd7+ 1-0

[Event "Torneo del Graticolato"]
[Site "Santa Maria di Sala ITA"]
[Date "1995.??.??"]
[Round "5"]
[White "Cassano, Felice"]
[Black "Pagin, Giacomo"]
[Result "0-1"]
[WhiteElo "1720"]
[BlackElo "1720"]
[PlyCount "68"]
[EventDate "1995.??.??"]

1. c4 Nf6 2. Nc3 g6 3. d4 Bg7 4. e4 d6 5. f3 O-O 6. Be3 Nc6 7. Qd2 a6 8. Bd3 e5
9. d5 Nd4 10. Nge2 Ne8 11. Bc2 Nxc2+ 12. Qxc2 f5 13. O-O-O b5 14. cxb5 axb5 15.
Nxb5 Rxa2 16. Kb1 Ra8 17. Nec3 Bd7 18. Na7 Qb8 19. Nc6 Bxc6 20. dxc6 Ra6 21.
Nd5 Qa8 22. Qc4 Kh8 23. Nb4 Ra4 24. b3 d5 25. exd5 Nd6 26. Qc5 Ra5 27. Qc3 Nb5
28. Qb2 e4 29. Bd4 Nxd4 30. Rxd4 Qa7 31. Rhd1 Rb8 32. Nc2 Rab5 33. b4 Rxd5 34.
Rxd5 Bxb2 0-1

[Event "Torneo del Graticolato"]
[Site "Santa Maria di Sala ITA"]
[Date "1995.??.??"]
[Round "6"]
[White "Pagin, Giacomo"]
[Black "De Mori, Claudio"]
[Result "1-0"]
[WhiteElo "1720"]
[BlackElo "1627"]
[PlyCount "83"]
[EventDate "1995.??.??"]

1. e4 e6 2. d4 d5 3. Nc3 Nf6 4. e5 Nfd7 5. f4 c5 6. Nf3 Nc6 7. Ne2 f6 8. c3
fxe5 9. fxe5 Be7 10. Nf4 Nb6 11. Bd3 O-O 12. O-O Qe8 13. h4 cxd4 14. cxd4 Nb4
15. Bb1 Qa4 16. b3 Qc6 17. a3 Qc3 18. Bd2 Qxa1 19. Bxh7+ Kxh7 20. Qxa1 Nc6 21.
Qb1+ Kg8 22. Qg6 Bd7 23. Nxe6 Rf7 24. Neg5 Bxg5 25. Bxg5 Bf5 26. Qd6 Rd7 27.
Qc5 Rc8 28. Qb5 Nd8 29. Bxd8 Rdxd8 30. Ng5 g6 31. h5 Kg7 32. Qb4 Re8 33. Qd6
Rc6 34. Qb4 Rc2 35. a4 Kh6 36. Nf7+ Kxh5 37. Nd6 Be4 38. Nxe4 dxe4 39. Qe1 Rc6
40. Qxe4 Rce6 41. Rf4 Kh6 42. Rf7 1-0

[Event "Torneo del Graticolato"]
[Site "Santa Maria di Sala ITA"]
[Date "1995.??.??"]
[Round "7"]
[White "Pagin, Giacomo"]
[Black "Panciera, Fabio"]
[Result "1/2-1/2"]
[WhiteElo "1720"]
[BlackElo "1600"]
[PlyCount "75"]
[EventDate "1995.??.??"]

1. d4 d5 2. c4 e6 3. Nc3 Nf6 4. Bg5 Nbd7 5. e3 c6 6. Nf3 Qa5 7. Bxf6 Nxf6 8.
Nd2 Bb4 9. Qc2 O-O 10. Bd3 Bd7 11. O-O Rfe8 12. e4 Bxc3 13. bxc3 dxe4 14. Nxe4
Nxe4 15. Bxe4 g6 16. f4 Qc7 17. Qf2 c5 18. Rac1 Rac8 19. Rfd1 cxd4 20. cxd4 b5
21. c5 Bc6 22. d5 exd5 23. Bxd5 Red8 24. Bxc6 Qxc6 25. Rxd8+ Rxd8 26. Qf3 Qxf3
27. gxf3 Rc8 28. Kf2 Kf8 29. Ke3 Ke7 30. Kd4 Kd7 31. Kd5 Rc6 32. Rb1 a6 33. Re1
Re6 34. c6+ Kc7 35. Rxe6 fxe6+ 36. Kc5 b4 37. h4 h6 38. Kxb4 1/2-1/2

[Event "Torneo del Graticolato"]
[Site "Santa Maria di Sala ITA"]
[Date "1995.??.??"]
[Round "8"]
[White "Malnich, Riccardo"]
[Black "Pagin, Giacomo"]
[Result "0-1"]
[WhiteElo "1618"]
[BlackElo "1720"]
[PlyCount "124"]
[EventDate "1995.??.??"]

1. e4 e5 2. Nf3 Nc6 3. Bb5 a6 4. Bxc6 dxc6 5. d4 exd4 6. Qxd4 Be6 7. Be3 c5 8.
Qxd8+ Rxd8 9. Nfd2 Bd6 10. O-O f6 11. Nc3 Ne7 12. Rfd1 O-O 13. Ne2 Nc6 14. c3
Ne5 15. Nf4 Bf7 16. f3 Rd7 17. b3 Rfd8 18. Nd5 Bf8 19. c4 b5 20. Bf4 c6 21. Nc3
bxc4 22. Bxe5 Rxd2 23. Rxd2 Rxd2 24. Bf4 Rc2 25. Nd1 cxb3 26. axb3 g5 27. Be3
c4 28. b4 Bxb4 29. Rxa6 Be8 30. h3 Bd2 31. Bxd2 Rxd2 32. Nc3 Rd3 33. Ne2 Kf7
34. Ra4 Ke7 35. Rxc4 Kd6 36. Rd4+ Rxd4 37. Nxd4 Ke5 38. Nc2 c5 39. Kf2 Ba4 40.
Ne3 Kd4 41. Ke2 c4 42. Nd5 Bc6 43. Nxf6 Kc3 44. Nd5+ Kb2 45. Ne3 c3 46. g3 c2
47. Nxc2 Kxc2 48. Ke3 Kc3 49. f4 gxf4+ 50. Kxf4 Kd4 51. e5 Kd5 52. Kg5 Kxe5 53.
Kh6 Be4 54. g4 Kf4 55. Kh5 Bg6+ 56. Kh6 Kg3 57. Kg5 Kxh3 58. Kf4 Kh4 59. Kf3
Kg5 60. Kg3 Be8 61. Kf3 Bd7 62. Kg3 Bxg4 0-1

[Event "C.to Mondiale IBCA"]
[Site "Torrevieja ESP"]
[Date "1995.01.14"]
[Round "1"]
[White "Antonini, Franco"]
[Black "Durban Piera, Joan"]
[Result "1/2-1/2"]
[WhiteElo "1714"]
[BlackElo "2245"]
[PlyCount "91"]
[EventDate "1995.01.14"]

1. e4 c5 2. Nf3 Nc6 3. d3 g6 4. g3 Bg7 5. Bg2 b5 6. Nbd2 Bb7 7. O-O d6 8. Re1
Qb6 9. Nf1 e6 10. c3 Nge7 11. Bf4 Rd8 12. Qc2 O-O 13. Rad1 b4 14. Bg5 Rd7 15.
Bxe7 Rxe7 16. Ne3 Na5 17. Nd2 Rb8 18. Ndc4 Nxc4 19. Nxc4 Qd8 20. h4 bxc3 21.
bxc3 Ba6 22. Nd2 Qa5 23. Rb1 Rbb7 24. Rxb7 Rxb7 25. e5 d5 26. Nb3 Qa3 27. c4
dxc4 28. dxc4 Rd7 29. h5 Qb4 30. Re4 gxh5 31. Kh2 Bb7 32. Rh4 Bxg2 33. Kxg2
Bxe5 34. Rxh5 f5 35. Qe2 Qc3 36. Nxc5 Rd2 37. Qe1 Qxg3+ 38. Kf1 Qg4 39. Qxd2
Qxh5 40. Qd8+ Kf7 41. Qd7+ Kg6 42. Qxe6+ Bf6 43. Qe8+ Kh6 44. Qxh5+ Kxh5 45.
Ne6 Kg6 46. Ke2 1/2-1/2

[Event "Open"]
[Site "Venezia ITA"]
[Date "1995.??.??"]
[Round "?"]
[White "Messa, Roberto"]
[Black "Rosino, Antonio"]
[Result "1-0"]
[WhiteElo "2305"]
[BlackElo "2320"]
[PlyCount "93"]
[EventDate "1995.??.??"]

1. e4 e5 2. Bc4 Nf6 3. Qe2 Nc6 4. Nf3 Be7 5. d3 O-O 6. c3 d6 7. Bb3 Na5 8. Bc2
c5 9. Nbd2 Qc7 10. Nf1 Nc6 11. h3 d5 12. g4 c4 13. dxc4 dxe4 14. N3d2 Be6 15.
Ng3 Na5 16. Ndxe4 Bxc4 17. Qf3 Nxe4 18. Bxe4 g6 19. Nf5 Bf6 20. b3 Be6 21. Nh6+
Kg7 22. Qg3 Rac8 23. h4 Qxc3+ 24. Qxc3 Rxc3 25. Bd2 Rc5 26. Bb4 Be7 27. Bxc5
Bxc5 28. g5 f5 29. Bg2 Rd8 30. Ke2 Rd4 31. Rac1 b6 32. Rhd1 Rxh4 33. Rxc5 bxc5
34. Rd6 Rh5 35. Rxe6 Rxg5 36. Bd5 Kxh6 37. Ra6 Nxb3 38. axb3 Rg4 39. Rxa7 Rb4
40. Bc4 g5 41. Re7 e4 42. Ke3 Kg6 43. Re6+ Kh5 44. Rf6 Kg4 45. Rh6 f4+ 46. Kxe4
f3 47. Ke3 1-0

[Event "C.to Europeo U14"]
[Site "Verdun FRA"]
[Date "1995.??.??"]
[Round "5"]
[White "Pilaj, Herwig"]
[Black "Messina, Igor"]
[Result "1-0"]
[WhiteElo "2125"]
[BlackElo "1657"]
[PlyCount "133"]
[EventDate "1995.??.??"]

1. e4 e6 2. d4 d5 3. e5 c5 4. c3 Nc6 5. Nf3 Qb6 6. a3 c4 7. Nbd2 a5 8. a4 Bd7
9. b3 cxb3 10. Nxb3 Qc7 11. Bd3 Na7 12. O-O b5 13. Ba3 Bxa3 14. Rxa3 Qxc3 15.
Ra1 bxa4 16. Nc5 Bb5 17. Rc1 Qa3 18. Ra1 Qc3 19. Bxb5+ Nxb5 20. Rb1 Qc4 21. Nd2
Qxd4 22. Rxb5 Ne7 23. Qxa4 Qxa4 24. Nxa4 O-O 25. Nb3 Rfb8 26. Nd4 Rxb5 27. Nxb5
Nc6 28. f4 g6 29. g3 Rb8 30. Rb1 Nd4 31. Nbc3 Rxb1+ 32. Nxb1 Kf8 33. Kf2 Ke8
34. Ke3 Nb5 35. Nd2 Na7 36. Kd4 Kd7 37. Kc5 Nc6 38. Nb3 Kc7 39. Kb5 h6 40. Nc3
h5 41. Ne2 a4 42. Kxa4 Kb6 43. Ned4 Nxd4 44. Nxd4 Kc5 45. Nf3 Kc4 46. Ka3 Kc3
47. Ka2 Kc2 48. Ka1 Kd3 49. Kb2 Ke2 50. Nd4+ Kf2 51. Kc2 Kg2 52. Kd3 Kxh2 53.
Ne2 Kh3 54. Ke3 h4 55. Kf3 hxg3 56. Nxg3 d4 57. Ne4 Kh4 58. Ng5 d3 59. Ne4 d2
60. Nxd2 g5 61. Ne4 g4+ 62. Kg2 g3 63. Nxg3 Kg4 64. Ne2 Kf5 65. Kf3 f6 66. Nd4+
Kg6 67. Ke4 1-0

[Event "C.to Europeo U14"]
[Site "Verdun FRA"]
[Date "1995.??.??"]
[Round "7"]
[White "Wolrich, Charles"]
[Black "Messina, Igor"]
[Result "1/2-1/2"]
[WhiteElo "2100"]
[BlackElo "1657"]
[PlyCount "76"]
[EventDate "1995.??.??"]

1. d4 Nf6 2. c4 e6 3. Nc3 b6 4. Nf3 Bb7 5. Bg5 Be7 6. e3 d5 7. cxd5 Nxd5 8.
Bxe7 Qxe7 9. Be2 Nxc3 10. bxc3 O-O 11. O-O Nd7 12. a4 a5 13. Rb1 Rac8 14. Qd2
Rfd8 15. Rfc1 e5 16. Qe1 Be4 17. Rb3 exd4 18. cxd4 c5 19. dxc5 Nxc5 20. Rbc3
Rc7 21. Nd4 Rcd7 22. Bb5 Rc7 23. Nb3 Rdc8 24. Nxc5 Rxc5 25. h3 h6 26. Rxc5 Rxc5
27. Rxc5 Qxc5 28. Qd2 Qd5 29. Qxd5 Bxd5 30. g3 Kf8 31. Kf1 Ke7 32. Ke2 Kd6 33.
Kd3 Bg2 34. Bc4 f6 35. h4 Ke5 36. Kc3 Bf3 37. Bb5 Bg2 38. Kb3 Bf3 1/2-1/2

[Event "Torneo"]
[Site "Massa e Cozzile ITA"]
[Date "1995.??.??"]
[Round "?"]
[White "Del Dotto, Riccardo"]
[Black "Frilli, Fabio"]
[Result "1-0"]
[WhiteElo "1989"]
[BlackElo "1900"]
[PlyCount "57"]
[EventDate "1995.??.??"]

1. e4 c5 2. Nc3 Nc6 3. g3 g6 4. Bg2 Bg7 5. d3 d6 6. Be3 e6 7. Qd2 Nge7 8. Bh6
O-O 9. h4 f5 10. Bxg7 Kxg7 11. h5 Ng8 12. exf5 exf5 13. hxg6 hxg6 14. O-O-O Be6
15. Nf3 Nd4 16. Ng5 Nf6 17. Nxe6+ Nxe6 18. Qh6+ Kf7 19. Bxb7 Rb8 20. Bd5 Nxd5
21. Nxd5 Rh8 22. Qe3 Qd7 23. Rde1 Rbd8 24. Rxh8 Rxh8 25. g4 Nd4 26. Qg5 Re8 27.
Qf6+ Kg8 28. Qxg6+ Kf8 29. Qh6+ 1-0

[Event "Torneo"]
[Site "Massa e Cozzile ITA"]
[Date "1995.??.??"]
[Round "?"]
[White "Frilli, Fabio"]
[Black "Fusari, Paolo"]
[Result "1-0"]
[WhiteElo "1900"]
[BlackElo "1939"]
[PlyCount "57"]
[EventDate "1995.??.??"]

1. f4 e5 2. fxe5 d6 3. exd6 Bxd6 4. Nf3 g5 5. g3 g4 6. Nh4 Be7 7. Ng2 h5 8. d4
Nf6 9. Nc3 Bf5 10. Bf4 Nd5 11. Qd2 h4 12. O-O-O hxg3 13. Bxg3 Bg5 14. e3 Rh6
15. Bd3 Be6 16. Nf4 Nc6 17. Kb1 Ncb4 18. Ncxd5 Nxd5 19. c4 Ne7 20. d5 Bf5 21.
e4 Bh7 22. Qc3 Ng6 23. Rhf1 Bf6 24. e5 Nxe5 25. Bxh7 Nf3 26. Qe3+ Kf8 27. Ne6+
fxe6 28. Qxh6+ Bg7 29. Qf4+ 1-0

[Event "Weekend SSM B"]
[Site "Milano ITA"]
[Date "1995.??.??"]
[Round "2"]
[White "Al Mamun, Abdullah"]
[Black "Riboldi, Raffaele"]
[Result "0-1"]
[WhiteElo "1600"]
[BlackElo "1636"]
[PlyCount "70"]
[EventDate "1995.??.??"]

1. e4 e6 2. d4 d5 3. e5 c5 4. c3 Qb6 5. Nf3 Bd7 6. Qc2 cxd4 7. cxd4 Nc6 8. Be3
Rc8 9. Nc3 Bb4 10. Be2 Nge7 11. O-O Nf5 12. Rfd1 Nxe3 13. fxe3 O-O 14. Ng5 g6
15. Nf3 Ne7 16. a3 Bxc3 17. bxc3 Qa5 18. Rdc1 Rc7 19. Qd2 Rfc8 20. c4 Qxd2 21.
Nxd2 Bb5 22. a4 Bxc4 23. Bxc4 dxc4 24. Rc3 Nd5 25. Rca3 c3 26. Ne4 Nxe3 27. Nd6
Nc2 28. Nxc8 Nxa3 29. Nd6 Nc2 30. Rc1 Nxd4 31. Kf2 c2 32. Nb5 Nb3 33. Rxc2
Rxc2+ 34. Kg3 a6 35. Nd6 Nc5 0-1

[Event "XVI Moglianoscacchi Magistrale"]
[Site "Mogliano Veneto ITA"]
[Date "1995.04.??"]
[Round "?"]
[White "Fabris, Alberto"]
[Black "Solinas, Carlo"]
[Result "1-0"]
[WhiteElo "2190"]
[BlackElo "1940"]
[PlyCount "81"]
[EventDate "1995.04.??"]

1. d4 Nf6 2. Bg5 Ne4 3. Bf4 c5 4. f3 Qa5+ 5. c3 Nf6 6. d5 d6 7. e4 Qb6 8. Qd2
e6 9. c4 e5 10. Be3 h5 11. Nc3 Bd7 12. Bd3 Na6 13. a3 Qd8 14. Nge2 Rb8 15. O-O
Be7 16. Rab1 h4 17. b4 b6 18. Nb5 Bxb5 19. cxb5 Nc7 20. bxc5 bxc5 21. a4 Nd7
22. Nc3 g5 23. h3 Na8 24. Nd1 Nf8 25. Nb2 Ng6 26. Nc4 Nf4 27. Na5 Qc8 28. Nc6
Rb7 29. a5 Bd8 30. Rb2 a6 31. bxa6 Rxb2 32. Qxb2 Nxd3 33. Qb7 Qc7 34. Qxa8 O-O
35. Qb7 Nb4 36. Qxc7 Bxc7 37. Nxb4 cxb4 38. Bb6 Rc8 39. a7 Bd8 40. Rb1 Kf8 41.
Bxd8 1-0

[Event "XVI Moglianoscacchi Magistrale"]
[Site "Mogliano Veneto ITA"]
[Date "1995.04.??"]
[Round "?"]
[White "Genocchio, Daniele"]
[Black "Mufic, Goran"]
[Result "0-1"]
[WhiteElo "1600"]
[BlackElo "2345"]
[PlyCount "40"]
[EventDate "1995.04.??"]

1. e4 c5 2. c3 Nf6 3. e5 Nd5 4. d4 cxd4 5. Nf3 e6 6. cxd4 b6 7. Bd3 Bb7 8. Nbd2
Be7 9. Ne4 O-O 10. O-O Ba6 11. Bg5 Bxd3 12. Bxe7 Qxe7 13. Qxd3 f6 14. Rfe1 Nc6
15. exf6 Nxf6 16. Nxf6+ Qxf6 17. a3 Ne7 18. Rac1 Nd5 19. Qd2 Nf4 20. Ne5 Qg5
0-1

[Event "XVI Moglianoscacchi Magistrale"]
[Site "Mogliano Veneto ITA"]
[Date "1995.04.??"]
[Round "1"]
[White "Battagin, Mose'"]
[Black "Santolini, Luigi"]
[Result "0-1"]
[WhiteElo "1903"]
[BlackElo "2240"]
[PlyCount "52"]
[EventDate "1995.04.??"]

1. e4 c6 2. d4 d5 3. e5 Bf5 4. Nf3 e6 5. Be2 c5 6. O-O Nc6 7. c3 cxd4 8. cxd4
Nge7 9. Nbd2 Nc8 10. Nb3 Nb6 11. Bd2 Rc8 12. Rc1 Be7 13. Nc5 Bxc5 14. dxc5 Nd7
15. Bb5 O-O 16. Re1 Bg4 17. Bf4 Qa5 18. Bd3 Bxf3 19. Qxf3 Nxc5 20. Bxh7+ Kxh7
21. Qh5+ Kg8 22. Re3 f6 23. Rh3 Ne4 24. Qg6 Nxe5 25. Qh7+ Kf7 26. Qh5+ Ng6 0-1

[Event "XVI Moglianoscacchi Magistrale"]
[Site "Mogliano Veneto ITA"]
[Date "1995.04.??"]
[Round "1"]
[White "Galiazzo, Giuliano"]
[Black "Pastres, Roberto"]
[Result "0-1"]
[WhiteElo "1909"]
[BlackElo "2220"]
[PlyCount "96"]
[EventDate "1995.04.??"]

1. e4 c5 2. Nf3 e6 3. c3 d5 4. exd5 exd5 5. d4 Nc6 6. Be2 c4 7. O-O Bd6 8. Re1
Nge7 9. Nbd2 O-O 10. Nf1 Bf5 11. Ng3 Bg6 12. Nh4 Qc7 13. Nxg6 Nxg6 14. Bf3 Nce7
15. Qc2 b5 16. Bd2 a5 17. a3 Ra6 18. Nf1 Nh4 19. Be2 f5 20. g3 f4 21. Bg4 fxg3
22. hxg3 Nf3+ 23. Bxf3 Rxf3 24. Re3 Rf8 25. Rae1 b4 26. axb4 axb4 27. Re6 b3
28. Qd1 Ra2 29. Bc1 Nf5 30. Qf3 Nxd4 31. Qxd5 Nf3+ 32. Kg2 Ra5 33. Qxf3 Rxf3
34. Kxf3 Qd7 35. Kg2 Rf5 36. Re8+ Bf8 37. R1e2 Qd5+ 38. Kg1 Rh5 39. Nh2 Qd1+
40. Re1 Qd3 41. R1e4 Rf5 42. Re1 h5 43. Nf1 Kh7 44. R8e4 Bc5 45. R4e2 h4 46.
gxh4 Qh3 47. Bg5 Qg4+ 48. Ng3 Qxg3+ 0-1

[Event "XVI Moglianoscacchi Magistrale"]
[Site "Mogliano Veneto ITA"]
[Date "1995.04.??"]
[Round "2"]
[White "Santolini, Luigi"]
[Black "Benvenuti, Carlo"]
[Result "0-1"]
[WhiteElo "2240"]
[BlackElo "2200"]
[PlyCount "108"]
[EventDate "1995.04.??"]

1. d4 d6 2. c4 e5 3. d5 Nf6 4. Nc3 Be7 5. e4 O-O 6. Bd3 Ne8 7. Nge2 Bg5 8. O-O
Bxc1 9. Rxc1 b6 10. f4 g6 11. f5 Nd7 12. Qd2 Kh8 13. Rf3 g5 14. g4 Nef6 15. h3
Rg8 16. Kf2 a6 17. Rg1 Rg7 18. b4 a5 19. a3 axb4 20. axb4 Bb7 21. Qb2 h5 22.
Rfg3 hxg4 23. hxg4 Rh7 24. Qc1 Qg8 25. Nb5 Ne8 26. Rh1 Ndf6 27. Rxh7+ Nxh7 28.
Bc2 c6 29. dxc6 Bxc6 30. Nbc3 Nef6 31. b5 Bb7 32. Qe3 Qd8 33. Kf3 Ra3 34. Rg1
Qa8 35. Rd1 Qb8 36. Qc1 Qa8 37. Qe3 Qb8 38. Qc1 Qa8 39. Qe3 Qf8 40. Qxb6 Qh6
41. Qg1 Qh3+ 42. Qg3 Qxg3+ 43. Kxg3 Bxe4 44. Rc1 Bxc2 45. Rxc2 Ne4+ 46. Kf3
Nhf6 47. b6 Rb3 48. b7 Nxc3 49. Nxc3 Rxb7 50. Ne4 Rb3+ 51. Nc3 d5 52. cxd5 Nxd5
53. Ke4 Nxc3+ 54. Kxe5 Kg7 0-1

[Event "XVI Moglianoscacchi Magistrale"]
[Site "Mogliano Veneto ITA"]
[Date "1995.04.??"]
[Round "3"]
[White "Rosino, Antonio"]
[Black "Casadei, Mauro"]
[Result "1/2-1/2"]
[WhiteElo "2320"]
[BlackElo "2205"]
[PlyCount "53"]
[EventDate "1995.04.??"]

1. e4 e6 2. d4 d5 3. Nc3 Bb4 4. e5 c5 5. a3 Bxc3+ 6. bxc3 Ne7 7. Qg4 Qc7 8. Bd3
cxd4 9. Ne2 Nbc6 10. cxd4 Bd7 11. O-O g6 12. Bg5 h5 13. Qh4 Rg8 14. Rfb1 Bc8
15. Qf4 Na5 16. Bb5+ Bd7 17. Bxe7 Kxe7 18. Qf6+ Ke8 19. Bd3 Rc8 20. Qf3 Ba4 21.
Qe3 Qe7 22. Rb4 Nc4 23. Bxc4 Rxc4 24. Rxc4 dxc4 25. Qd2 Kf8 26. d5 exd5 27.
Qxd5 1/2-1/2

[Event "XVI Moglianoscacchi Magistrale"]
[Site "Mogliano Veneto ITA"]
[Date "1995.04.??"]
[Round "4"]
[White "Furlan, Mario"]
[Black "Rosino, Antonio"]
[Result "0-1"]
[WhiteElo "1915"]
[BlackElo "2320"]
[PlyCount "56"]
[EventDate "1995.04.??"]

1. d4 Nf6 2. Nf3 g6 3. Bg5 Bg7 4. Nbd2 d5 5. e3 O-O 6. Bd3 c5 7. c3 Qb6 8. Rb1
Nc6 9. O-O Re8 10. h3 e5 11. dxe5 Nd7 12. Qa4 c4 13. Be2 Nc5 14. Qd1 Bf5 15. e4
Nxe4 16. Be3 Qa5 17. Ra1 Nxd2 18. Qxd2 Nxe5 19. Nd4 Bd3 20. Rfd1 Bxe2 21. Nxe2
Nd3 22. Nf4 Nxf4 23. Bxf4 Rad8 24. Be3 Re4 25. a3 a6 26. f3 Re6 27. Qf2 Rde8
28. Re1 d4 0-1

[Event "XVI Moglianoscacchi Magistrale"]
[Site "Mogliano Veneto ITA"]
[Date "1995.04.??"]
[Round "4"]
[White "Pastres, Roberto"]
[Black "De Bortoli, Peter"]
[Result "1-0"]
[WhiteElo "2220"]
[BlackElo "1771"]
[PlyCount "137"]
[EventDate "1995.04.??"]

1. d4 Nf6 2. c4 e6 3. Nf3 b6 4. a3 Bb7 5. Nc3 d5 6. cxd5 exd5 7. g3 Nbd7 8. Bg2
c6 9. O-O Bd6 10. Bf4 Bxf4 11. gxf4 Ne4 12. Nxe4 dxe4 13. Ng5 Nf6 14. Nxe4 O-O
15. Nxf6+ Qxf6 16. e3 Qe7 17. Rc1 Rac8 18. Qa4 a6 19. Qb4 Qxb4 20. axb4 g6 21.
Rc3 Rc7 22. Rfc1 Rfc8 23. d5 c5 24. e4 c4 25. d6 Rd7 26. e5 f6 27. Bh3 f5 28.
Rxc4 Rxc4 29. Rxc4 Bd5 30. Rc7 Rxc7 31. dxc7 Bb7 32. Bg2 Bc8 33. Bd5+ Kg7 34.
Kg2 h6 35. h4 Kf8 36. Kf3 Ke7 37. Ke3 Kd7 38. Bf7 Kxc7 39. Bxg6 Kd8 40. Kd4 Ke7
41. Bh5 Bb7 42. Be2 Bc8 43. Bd3 Ke6 44. Bc4+ Kd7 45. Bd5 Ke7 46. Ba8 Ke6 47. h5
Bd7 48. Bd5+ Ke7 49. Bb7 a5 50. bxa5 bxa5 51. Kc5 Be8 52. Bf3 Ke6 53. Kb6 a4
54. Kc5 Ke7 55. Kd5 Bf7+ 56. Kd4 Be8 57. Kc3 Kd8 58. Kb4 Ke7 59. Bd1 Kd8 60.
Bxa4 Bxh5 61. Bc6 Bf7 62. Kc5 Kc7 63. b4 h5 64. b5 h4 65. b6+ Kb8 66. Kd6 h3
67. e6 Bh5 68. e7 h2 69. Kd7 1-0

[Event "XVI Moglianoscacchi Magistrale"]
[Site "Mogliano Veneto ITA"]
[Date "1995.04.??"]
[Round "4"]
[White "Ruzzier, Dario"]
[Black "Pastres, Roberto"]
[Result "0-1"]
[WhiteElo "1904"]
[BlackElo "2220"]
[PlyCount "52"]
[EventDate "1995.04.??"]

1. d4 f5 2. e4 fxe4 3. Nc3 Nf6 4. f3 d5 5. fxe4 dxe4 6. Bc4 Bg4 7. Nge2 Nc6 8.
a3 e5 9. d5 Nd4 10. Bg5 Qd6 11. h3 Bf3 12. Nb5 Qc5 13. Nbxd4 Qxc4 14. gxf3 exd4
15. Bxf6 exf3 16. Bxd4 O-O-O 17. Nc3 Re8+ 18. Kf2 Bc5 19. Bxc5 Qxc5+ 20. Kf1
Rhf8 21. Qd3 Re3 22. Na4 Qe7 23. Qd4 f2 24. Qb4 Re1+ 25. Kg2 f1=Q+ 26. Rxf1
Qe2+ 0-1

[Event "XVI Moglianoscacchi Magistrale"]
[Site "Mogliano Veneto ITA"]
[Date "1995.04.??"]
[Round "5"]
[White "Occari, Maurizio"]
[Black "Santolini, Luigi"]
[Result "0-1"]
[WhiteElo "2042"]
[BlackElo "2240"]
[PlyCount "66"]
[EventDate "1995.04.??"]

1. e4 c6 2. d4 d5 3. exd5 cxd5 4. c4 Nf6 5. Nc3 e6 6. a3 Be7 7. c5 O-O 8. Bd3
b6 9. b4 bxc5 10. dxc5 e5 11. Nge2 Bb7 12. Ng3 d4 13. Nce4 Nxe4 14. Bxe4 Bxe4
15. Nxe4 f5 16. Ng3 Qd5 17. O-O Nc6 18. Qc2 g6 19. Rb1 Rfb8 20. Bd2 a5 21. Rfc1
axb4 22. axb4 Ra2 23. Rb2 d3 24. Qb1 Rxb2 25. Qxb2 f4 26. Nf1 Nd4 27. Kh1 f3
28. Ne3 fxg2+ 29. Nxg2 Nf3 30. Ne3 Qe4 31. Bc3 Bg5 32. Qb3+ Kf8 33. Qd5 Qxd5
0-1